000 00501nam a2200169 a 4500
005 20140414093839.0
008 040331s19uu xx 00 eng d
050 _aVHS 370
_bOR 14
100 _aASCD
245 _aTeacher portfolios for practicing teachers /
_cASCD.
260 _aAlexadria, Va :
_bAssociatiion for Supervision and Curriculum Development,
_cc1997.
300 _a30 mins.
440 _aTeacher portfolios
650 _aPortfolios in education.
942 _cAVM
999 _c109172
_d109172